<?xml version="1.0" encoding="UTF-8"?>
<collection xmlns="http://www.loc.gov/MARC21/slim">
 <record>
  <leader>00948nam a2200229 i 4500</leader>
  <controlfield tag="001">acta73621</controlfield>
  <controlfield tag="005">20220331090938.0</controlfield>
  <controlfield tag="008">211019s2021    hu      o     0||   hun d</controlfield>
  <datafield tag="020" ind1=" " ind2=" ">
   <subfield code="a">978-963-306-806-9</subfield>
  </datafield>
  <datafield tag="024" ind1="7" ind2=" ">
   <subfield code="a">10.14232/sztep.jk.2021</subfield>
   <subfield code="2">doi</subfield>
  </datafield>
  <datafield tag="040" ind1=" " ind2=" ">
   <subfield code="a">SZTE Egyetemi Kiadványok Repozitórium</subfield>
   <subfield code="b">hun</subfield>
  </datafield>
  <datafield tag="041" ind1=" " ind2=" ">
   <subfield code="a">hun</subfield>
  </datafield>
  <datafield tag="100" ind1="1" ind2=" ">
   <subfield code="a">Jancsó Katalin</subfield>
  </datafield>
  <datafield tag="245" ind1="1" ind2="0">
   <subfield code="a">Aranycseppek Latin-Amerikában </subfield>
   <subfield code="h">[elektronikus dokumentum] :</subfield>
   <subfield code="b">egy sokszínű kontinens születése /</subfield>
   <subfield code="c"> Jancsó Katalin</subfield>
  </datafield>
  <datafield tag="260" ind1=" " ind2=" ">
   <subfield code="a">SZTE Press</subfield>
   <subfield code="b">Szeged</subfield>
   <subfield code="c">2021</subfield>
  </datafield>
  <datafield tag="300" ind1=" " ind2=" ">
   <subfield code="a">291</subfield>
   <subfield code="c">24 cm</subfield>
  </datafield>
  <datafield tag="650" ind1=" " ind2="4">
   <subfield code="a">Társadalomtudományok</subfield>
  </datafield>
  <datafield tag="650" ind1=" " ind2="4">
   <subfield code="a">Szociológia</subfield>
  </datafield>
  <datafield tag="650" ind1=" " ind2="4">
   <subfield code="a">Bölcsészettudományok</subfield>
  </datafield>
  <datafield tag="650" ind1=" " ind2="4">
   <subfield code="a">Történettudomány és régészet</subfield>
  </datafield>
  <datafield tag="695" ind1=" " ind2=" ">
   <subfield code="a">Társadalomtörténet - Latin-Amerika - 19-20. sz., Bevándorlás - Latin-Amerika - 19-20. sz., Latin-Amerika története - 19-20. sz.</subfield>
  </datafield>
  <datafield tag="856" ind1="4" ind2="0">
   <subfield code="u">http://acta.bibl.u-szeged.hu/73621/1/aranycseppek_latin_amerikaban_2021.pdf</subfield>
   <subfield code="z">Dokumentum-elérés </subfield>
  </datafield>
 </record>
</collection>
